The magic school bus blows it's top : (Record no. 2057)

MARC details
000 -LEADER
fixed length control field 01476cam a2200349 a 4500
001 - CONTROL NUMBER
control field 2057
003 - CONTROL NUMBER IDENTIFIER
control field FISKH
005 - DATE AND TIME OF LATEST TRANSACTION
control field 20250327092701.0
008 - FIXED-LENGTH DATA ELEMENTS--GENERAL INFORMATION
fixed length control field 960205s1996 nyua b 000 0 eng d
010 ## - LIBRARY OF CONGRESS CONTROL NUMBER
LC control number 96181115
020 ## - INTERNATIONAL STANDARD BOOK NUMBER
International Standard Book Number 0590508350
020 ## - INTERNATIONAL STANDARD BOOK NUMBER
International Standard Book Number 9780590508353
035 ## - SYSTEM CONTROL NUMBER
System control number (OCoLC)34137546
040 ## - CATALOGING SOURCE
Original cataloging agency OrNepLCD
Transcribing agency OrNepLCD
Modifying agency OCoLC
-- DLC
Language of cataloging eng
042 ## - AUTHENTICATION CODE
Authentication code lccopycat
-- lcac
050 00 - LIBRARY OF CONGRESS CALL NUMBER
Classification number QE521.3
Item number .H47 1996
082 00 - DEWEY DECIMAL CLASSIFICATION NUMBER
Classification number 551.21
Edition number 21
100 1# - MAIN ENTRY--PERSONAL NAME
Personal name Cole, Joanna
245 14 - TITLE STATEMENT
Title The magic school bus blows it's top :
Remainder of title A book about volcanoes /
260 ## - PUBLICATION, DISTRIBUTION, ETC.
Place of publication, distribution, etc. New York :
Name of publisher, distributor, etc. Scholastic,
Date of publication, distribution, etc. 1996.
300 ## - PHYSICAL DESCRIPTION
Extent 32 unnumbered pages :
Other physical details color illustrations ;
Dimensions 21 cm
500 ## - GENERAL NOTE
General note "Based on the episode from the animated TV series produced by Scholastic Productions, Inc. Based on the Magic School Bus book series written by Joanna Cole and illustrated by Bruce Degen"--T.p. verso.
505 ## - FORMATTED CONTENTS NOTE
Formatted contents note M<br/>
520 ## - SUMMARY, ETC.
Summary, etc. Ms. Frizzle's class is having a hard time putting together a giant globe of the world. A piece is missing...an island so new it hasn't been discovered yet! Before they know it, the kids are beneath the oceans' surface, exploring an underwater volcano. Join the class as they learn about volcanoes.
521 8# - TARGET AUDIENCE NOTE
Target audience note 540<br/>
Source Lexile<br/>
521 8# - TARGET AUDIENCE NOTE
Target audience note M<br/>
Source Raz-Plus<br/>
650 #0 - SUBJECT ADDED ENTRY--TOPICAL TERM
Topical term or geographic name entry element Volcanoes
General subdivision Juvenile literature.
650 #1 - SUBJECT ADDED ENTRY--TOPICAL TERM
Topical term or geographic name entry element Volcanoes.
700 1# - ADDED ENTRY--PERSONAL NAME
Personal name Degen, Bruce
Relator term illustrator
906 ## - LOCAL DATA ELEMENT F, LDF (RLIN)
a 7
b cbc
c copycat
d 2
e ncip
f 19
g y-gencatlg
942 ## - ADDED ENTRY ELEMENTS (KOHA)
Source of classification or shelving scheme Dewey Decimal Classification
Koha item type Books
Suppress in OPAC No
Holdings
Withdrawn status Lost status Source of classification or shelving scheme Damaged status Not for loan Collection Home library Current library Shelving location Date acquired Total Checkouts Full call number Barcode Date last seen Copy number Price effective from Koha item type Date due Date last checked out
    Dewey Decimal Classification     Non-Fiction Footprints International School Library Network Toul Kork Campus Footprints International School Library Network Toul Kork Campus TK Primary Library Room(4th Floor), Bookcase 3&4, Shelves 17-32, Yellow Books 11/02/2023   COL 551.21 QE521.H47 FISBK05133 11/02/2023 1 11/02/2023 Books    
    Dewey Decimal Classification     Non-Fiction Footprints International School Library Network Toul Kork Campus Footprints International School Library Network Toul Kork Campus TK Primary Library Room(4th Floor), Bookcase 3&4, Shelves 17-32, Yellow Books 11/02/2023 3 COL 551.21 QE521.H47 FISBK05139 03/25/2026 2 11/02/2023 Books 04/08/2026 03/25/2026
    Dewey Decimal Classification     Non-Fiction Footprints International School Library Network Toul Kork Campus Footprints International School Library Network Toul Kork Campus TK Primary Library Room(4th Floor), Bookcase 3&4, Shelves 17-32, Yellow Books 11/21/2024 1 COL 551.21 QE521.H47 2024-2349 04/08/2025 3 11/21/2024 Books   02/27/2025
    Dewey Decimal Classification     Non-Fiction Footprints International School Library Network Toul Kork Campus Footprints International School Library Network Toul Kork Campus TK Primary Library Room(4th Floor), Bookcase 3&4, Shelves 17-32, Yellow Books 11/28/2024   COL 551.21 QE521.H47 2024-2392 11/28/2024 4 11/28/2024 Books    
    Dewey Decimal Classification     Non-Fiction Footprints International School Library Network Toul Kork Campus Footprints International School Library Network Toul Kork Campus TK Primary Library Room(4th Floor), Bookcase 3&4, Shelves 17-32, Yellow Books 01/27/2025   COL 551.21 QE521.H47 FISTK01912 01/27/2025 5 01/27/2025 Books    
    Dewey Decimal Classification     Non-Fiction Footprints International School Library Network Toul Tom Poung Campus Footprints International School Library Network Toul Tom Poung Campus TTP Primary Yellow Bookshelves 03/27/2025   COL 551.21 QE521.H47 2025-0817 03/27/2025 6 03/27/2025 Books    
    Dewey Decimal Classification     Non-Fiction Footprints International School Library Network Toul Tom Poung Campus Footprints International School Library Network Toul Tom Poung Campus TTP Primary Yellow Bookshelves 03/27/2025   COL 551.21 QE521.H47 2025-0818 03/27/2025 7 03/27/2025 Books    
    Dewey Decimal Classification     Non-Fiction Footprints International School Library Network Toul Tom Poung Campus Footprints International School Library Network Toul Tom Poung Campus TTP Primary Yellow Bookshelves 03/27/2025   COL 551.21 QE521.H47 2025-0833 03/27/2025 8 03/27/2025 Books